000 00658nam a2200217 a 4500
001 000004067
003 DO-SdBNP
005 20220927114534.0
007 ta
008 090716s2008 ec a 000 0 spa d
020 _a9789945162196
040 _aDO-SdBNP
_bspa
_cBNPHU
082 4 _bS232r
_222
100 1 _aSantana Silvestre, Argentina A.,
_d1951-
_912139
245 1 0 _aRecortes de amores /
_cArgentina A. Santana Silvestre.
260 _aSanto Domingo :
_bBúho,
_c2008.
300 _a70 p. :
_bil. ;
_c22 cm.
500 _aIncluye datos biográficos de la autora en la contracubierta
700 1 _aEstévez, Francia,
_epról.
_912140
942 _2ddc
_cLBS1
999 _c3886
_d3886